Ship Stability notes and examples (Record no. 2966)

000 -LEADER
fixed length control field 00346nam a2200145Ia 4500
008 - FIXED-LENGTH DATA ELEMENTS--GENERAL INFORMATION
fixed length control field 200103s9999||||xx |||||||||||||| ||und||
020 ## - INTERNATIONAL STANDARD BOOK NUMBER
International Standard Book Number 853090424
082 ## - DEWEY DECIMAL CLASSIFICATION NUMBER
Classification number Column-2
100 ## - MAIN ENTRY--PERSONAL NAME
Personal name Kemp & Young
245 #0 - TITLE STATEMENT
Title Ship Stability notes and examples
260 ## - PUBLICATION, DISTRIBUTION, ETC. (IMPRINT)
Name of publisher, distributor, etc Stanford Maritime London
Date of publication, distribution, etc 1974
300 ## - PHYSICAL DESCRIPTION
Extent 132
942 ## - ADDED ENTRY ELEMENTS (KOHA)
Item type Books
Holdings
Withdrawn status Lost status Source of classification or shelving scheme Damaged status Not for loan Collection code Permanent location Current location Shelving location Date acquired Full call number Barcode Date last seen Koha item type Public note
          Non-fiction IMU-MPC Library IMU-MPC Library General Stacks 2020-01-08 623.8171 KEM MPC1927 2025-03-17 Books Column-2
Copyright © 2021 Indian Maritime University, Mumbai Port Campus. All Rights Reserved. Managed & Maintained by Central Library, IMU-Mumbai

webs counters

Powered by Koha